Statistics for 15 Largest Cities in Mali🇲🇱

Click here to take the quiz!

General Stats

  • This quiz has been taken 35 times
  • The average score is 6 of 15

Answer Stats

PopulationCity% Correct
1.2 milBamako
93%
87kGao
67%
32kTimbuktu
67%
108kMopti
60%
92kSegou
60%
78kKayes
53%
144kSikasso
53%
99kKoutiala
40%
42kKati
27%
24kSan
27%
35kBougouni
20%
26kBafoulabe
13%
30kBanamba
13%
48kKolokani
13%
53kMarkala
13%

Score Distribution

Percentile by Number Answered

Percent of People with Each Score

Your Score History

You have not taken this quiz